| 000 | 00659nam a2200205Ia 4500 | ||
|---|---|---|---|
| 003 | GCL | ||
| 008 | 140319s9999 xx 000 0 ara d | ||
| 040 |
_aGCL / _cGCL |
||
| 082 | 0 | 4 |
_a810.8009 _bا م |
| 100 | 1 | _aانتصار منصور العقيل | |
| 245 | 1 | 0 |
_aمن تحت الرماد / _cانتصار منصور العقيل |
| 260 |
_a[S.N] : _bلجنة الاعلام والدراسات المستقبلية ، _c1993 |
||
| 300 | _a146 ص | ||
| 490 | _a | ||
| 650 | 0 | 4 | _aالادب العربى |
| 650 | 0 | 4 | _aالقصص العربية |
| 650 | 0 | 4 | _aالقصص العربية المترجمة |
| 650 | 0 | 4 | _aالمجموعات |
| 942 |
_2ddc _cBK |
||
| 999 |
_c55390 _d55390 |
||